| 000 | 00792nmc a2200289 a 4500 | ||
|---|---|---|---|
| 003 | AR-BaBNM | ||
| 005 | 20251128203709.0 | ||
| 008 | 177019s1970 ||||||||||||||000 | spa|| | ||
| 040 | _cAR-BaBNM | ||
| 100 | 1 | _aChaunu, Pierre | |
| 245 | 1 | 0 | _aHistoria de América Latina |
| 250 | _a4ª ed. | ||
| 260 |
_aBuenos Aires _bEudeba _c1970 |
||
| 300 |
_a134 p. _bmapas |
||
| 490 | 0 | _aAmérica | |
| 504 | _aBibliografía para consultar p. 131-132 | ||
| 650 | 4 | _aHISTORIA DE LAS IDEAS | |
| 650 | 4 | _aHISTORIA LATINOAMERICANA | |
| 650 | 4 | _aHISTORIA POLITICA | |
| 650 | 4 | _aHISTORIA SOCIAL | |
| 650 | 4 | _aHISTORIA ECONOMICA | |
| 650 | 4 | _aHISTORIA POLITICA ARGENTINA | |
| 700 | 1 |
_aMonjardín, Federico _etraductor |
|
| 700 | 1 |
_aCarrera, Alicia _erevisión |
|
| 942 | _cBK | ||
| 998 | _cmariana | ||
| 999 |
_c4528 _d4528 |
||